[Event "SRB-ch sf"]
[Site "Kragujevac"]
[Date "2019.03.14"]
[Round "9"]
[White "Brkic, Nenad"]
[Black "Kokic, Miljko"]
[Result "1-0"]
[WhiteElo "1691"]
[BlackElo "1595"]
[PlyCount "71"]
[EventDate "2019.03.08"]
[EventType "swiss"]
[EventRounds "9"]
[EventCountry "SRB"]
[SourceTitle "CBM 189 Extra"]
[Source "ChessBase"]
[SourceDate "2019.06.03"]
[SourceVersion "1"]
[SourceVersionDate "2019.06.03"]
[SourceQuality "1"]

1. c4 Nf6 2. Nf3 Nc6 3. Nc3 d5 4. cxd5 Nxd5 5. e4 Nxc3 6. bxc3 Bg4 7. d4 e6 8. Be3 a6 9. h3 Bh5 10. Rb1 b5 11. Be2 Be7 12. 0-0 0-0 13. Qd2 h6 14. Ne5 Nxe5 15. Bxh5 Nc4 16. Qe2 Bg5 17. f4 Bh4 18. Bc1 g6 19. Bf3 c6 20. f5 Kh7 21. Bg4 h5 22. fxg6+ fxg6 23. Bxe6 Rxf1+ 24. Qxf1 Qd6 25. Qf7+ Kh8 26. Bh6 Qe7 27. Bxc4 bxc4 28. Qxc4 Qxe4 29. Rf1 Rg8 30. Bd2 a5 31. Qc5 a4 32. Rf7 Bg3 33. Qg5 Qb1+ 34. Bc1 Bf4 35. Qxf4 Rg7 36. Qh6+ 1-0

[Event "SRB-ch sf"]
[Site "Kragujevac"]
[Date "2019.03.12"]
[Round "7"]
[White "Brkic, Nenad"]
[Black "Savic, Bratislav"]
[Result "0-1"]
[WhiteElo "1691"]
[BlackElo "1877"]
[PlyCount "150"]
[EventDate "2019.03.08"]
[EventType "swiss"]
[EventRounds "9"]
[EventCountry "SRB"]
[SourceTitle "CBM 189 Extra"]
[Source "ChessBase"]
[SourceDate "2019.06.03"]
[SourceVersion "1"]
[SourceVersionDate "2019.06.03"]
[SourceQuality "1"]

1. e4 d6 2. d4 Nd7 3. Bd3 b6 4. Ne2 e5 5. c3 g6 6. 0-0 Bg7 7. f4 c5 8. Bc4 exd4 9. cxd4 cxd4 10. Nxd4 Bb7 11. Nb5 Bf8 12. Qd4 f6 13. Nxd6+ Bxd6 14. Qxd6 Nc5 15. Qxd8+ Rxd8 16. e5 f5 17. Nc3 Ne4 18. Nxe4 Bxe4 19. Be3 Ne7 20. Rad1 Nc6 21. Rxd8+ Kxd8 22. Rd1+ Kc7 23. Kf2 Rd8 24. Rxd8 Kxd8 25. a3 Ne7 26. g3 Nd5 27. Bd4 Kc7 28. Be2 Bc2 29. b4 Bb3 30. Ke1 Kc6 31. Kd2 Nc7 32. Bf3+ Kb5 33. h3 Ka4 34. Bb2 Ba2 35. Bd1+ Kb5 36. Kd3 Nd5 37. Kd4 Nc7 38. Be2+ Kc6 39. Bd3 h5 40. Ke3 Bb3 41. Kd4 b5 42. Ke3 Bd1 43. Bd4 a6 44. Bb1 Bb3 45. g4 hxg4 46. hxg4 Nd5+ 47. Kf3 Bd1+ 48. Kg3 Bxg4 49. Bc5 Nc3 50. Bd3 Kd5 51. Kh4 Ke6 52. Bc2 Be2 53. Kg5 Nd5 54. Bd4 Kf7 55. Bb3 Bc4 56. Bc2 Nc7 57. Be3 Nd5 58. Bf2 Nc7 59. Be3 Ne6+ 60. Kh4 Nd8 61. Kg5 Nc6 62. Bc5 Nd8 63. Be3 Bd5 64. Kh4 Nc6 65. Kg5 Kg7 66. Bc5 Nd8 67. Bd6 Ne6+ 68. Kh4 Nxf4 69. Kg5 Ne6+ 70. Kh4 Kh6 71. Bd3 Nd4 72. Bf8+ Kh7 73. a4 bxa4 74. Bxa6 Ne6 75. Bd6 a3 0-1